British Romantic Literature (Record no. 12100)

MARC details
000 -LEADER
fixed length control field 00553nam a22002057a 4500
005 - DATE AND TIME OF LATEST TRANSACTION
control field 20250301052147.0
008 - FIXED-LENGTH DATA ELEMENTS--GENERAL INFORMATION
fixed length control field 250301b |||||||| |||| 00| 0 eng d
020 ## - INTERNATIONAL STANDARD BOOK NUMBER
International Standard Book Number 9788119679218
040 ## - CATALOGING SOURCE
Original cataloging agency IN-DiNC
Transcribing agency IN-DiNC
041 ## - LANGUAGE CODE
Language code of sung or spoken text English
082 ## - DEWEY DECIMAL CLASSIFICATION NUMBER
Classification number 823.3085
Item number NEO
100 ## - MAIN ENTRY--PERSONAL NAME
Personal name Neog, Biswajit
Relator term Author
245 ## - TITLE STATEMENT
Title British Romantic Literature
Statement of responsibility, etc. by Biswajit Neog
250 ## - EDITION STATEMENT
Edition statement 1st ed.
260 ## - PUBLICATION, DISTRIBUTION, ETC.
Place of publication, distribution, etc. Jorhat:
Name of publisher, distributor, etc. Bidya Bhawan,
Date of publication, distribution, etc. 2025.
300 ## - PHYSICAL DESCRIPTION
Extent 284p.
650 ## - SUBJECT ADDED ENTRY--TOPICAL TERM
Topical term or geographic name entry element British Romantic Literature
700 ## - ADDED ENTRY--PERSONAL NAME
Personal name Kakoli Kashyap
Relator term Author
942 ## - ADDED ENTRY ELEMENTS (KOHA)
Source of classification or shelving scheme Dewey Decimal Classification
Koha item type Books
Holdings
Withdrawn status Lost status Source of classification or shelving scheme Damaged status Not for loan Collection code Home library Current library Shelving location Date acquired Cost, normal purchase price Total Checkouts Full call number Barcode Date due Date last seen Date last checked out Copy number Price effective from Koha item type
    Dewey Decimal Classification     English Central Library, Naharkatiya College Central Library, Naharkatiya College General Stacks 01/03/2025 300.00 8 823.3085 NEO 30675 18/05/2026 29/04/2026 29/04/2026 1 01/03/2025 Books
    Dewey Decimal Classification     English Central Library, Naharkatiya College Central Library, Naharkatiya College General Stacks 01/03/2025 300.00 6 823.3085 NEO 30676 28/04/2026 04/04/2026 04/04/2026 2 01/03/2025 Books

Naharkatiya College © 2020. All rights reserved.

Powered By